[Event "S60061 Winter Series"]
[Site "CCLA"]
[Date "2016.01.28"]
[Round "?"]
[White "Sanchez, David A."]
[Black "Laaman, Thomas"]
[Result "0-1"]
[WhiteElo "1426"]
[BlackElo "1633"]

1. d4 d5 2. c4 e6 3. Nf3 c5 4. cxd5 exd5 5. Nc3 Nc6 6. g3 Nf6 7. Bg2 Be7 
8. O-O O-O 9. dxc5 Bxc5 10. Na4 Be7 11. Be3 Re8 12. Rc1 Bg4 13. Nd4 Qd7 
14. Nc5 Bxc5 15. Rxc5 Rac8 16. Bf3 Nxd4 17. Bxd4 Bxf3 18. exf3 Rxc5 19. 
Bxc5 a6 20. Bd4 Re6 21. Bxf6 Rxf6 22. Re1 Re6 23. Kf1 Qb5+ 24. Kg1 Qxb2 
25. Rxe6 fxe6 26. Qa4 Qb5 0-1

[Event "S60051 Winter Series"]
[Site "CCLA"]
[Date "2016.01.28"]
[Round "?"]
[White "Disque, Philip"]
[Black "Laaman, Thomas"]
[Result "1-0"]
[WhiteElo "1663"]
[BlackElo "1633"]

1. c4 e6 2. Nf3 d5 3. g3 c5 4. cxd5 exd5 5. d4 Nc6 6. Nc3 Nf6 7. Bg2 Be7 
8. O-O O-O 9. dxc5 Bxc5 10. Bg5 d4 11. Bxf6 Qxf6 12. Ne4 Qe7 13. Nxc5 Qxc5
14. Nd2 Re8 15. Re1 Bf5 16. Nb3 Qb6 17. Rc1 d3 18. e4 Be6 19. Qxd3 Nb4 20.
 Qb1 Nxa2 21. Qxa2 Bxb3 22. Qb1 Rac8 23. Rxc8 Rxc8 24. Rc1 Rd8 25. Rc3 g6 
26. Rd3 Be6 27. Rxd8+ Qxd8 28. Qe1 Qb6 29. Qc3 h5 30. h4 Qd8 31. Qe5 b6 
32. Bf3 a5 33. Qc3 b5 34. b4 axb4 35. Qxb4 Qd3 36. Bg2 Qd1+ 37. Kh2 Qb3 
38. Qd6 b4 39. Qd8+ Kh7 40. Bf1 Qf3 41. Qd4 Qc3 42. Qd3 Qxd3 43. Bxd3 Ba2 
44. Kg2 Kg7 45. Kf3 Kf6 46. Ke3 Ke5 47. f4+ Kd6 48. Kd4 Kc6 49. Bc4 Bxc4 
50. Kxc4 b3 51. Kxb3 Kd7 52. Kc4 Kd6 53. Kd4 Ke6 54. Kc5 Kd7 55. Kd5 Ke8 
56. Kd6 Kd8 57. e5 Ke8 58. e6 Kf8 59. Kd7 fxe6 60. Kxe6 Kg7 61. f5 gxf5 
62. Kxf5 Kh6 63. Kf6 Kh7 64. Kg5 1-0

[Event "S67119 Gustafson Memorial Open"]
[Site "CCLA"]
[Date "2016.11.20"]
[Round "?"]
[White "Leber, David"]
[Black "Benson, Katie J."]
[Result "0-1"]
[WhiteElo "1270"]
[BlackElo "1197"]

1. d4 d5 2. c4 e6 3. Nc3 Nf6 4. b3 Bb4 5. e3 Bxc3+ 6. Bd2 Bxd2+ 7. Qxd2 
O-O 8. Nf3 Nc6 9. Bd3 h6 10. O-O Re8 11. Qc2 Nb4 12. Qb1 Nxd3 13. Qxd3 
dxc4 14. Qxc4 b6 15. Rac1 Bb7 16. Qxc7 Qxc7 17. Rxc7 Bxf3 18. gxf3 Rec8 
19. Rcc1 Rxc1 20. Rxc1 Ne8 21. Kf1 Nd6 22. Rc6 Ne8 23. Ke2 Rb8 24. f4 Nf6 
25. Rc1 Ne4 26. f3 Nd6 27. e4 Rc8 28. Rb1 f5 29. e5 Nb5 30. Rb2 Nxd4+ 31. 
Ke3 Rc2 32. Rxc2 Nxc2+ 33. Kd3 Na3 34. h4 g6 35. Kc3 Nb5+ 36. Kb4 Nd4 37. 
Kc3 Nxf3 38. Kd3 Nxh4 39. Ke3 g5 40. b4 gxf4+ 41. Kf2 Ng6 42. b5 Nxe5 43. 
Ke2 Ng6 44. Kf3 h5 45. Kg2 Ne5 46. Kh3 Kh7 47. a3 Nc4 48. a4 Nb2 49. Kg2 
Nxa4 50. Kf3 e5 51. Kf2 Nc3 52. Kf3 Nxb5 53. Kf2 a5 54. Kf3 a4 55. Kf2 a3 
56. Ke2 a2 57. Kd3 a1=Q 58. Kc2 Qd4 59. Kb3 f3 60. Kc2 f2 61. Kb3 Qc3+ 62.
 Ka4 Qc2+ 63. Kxb5 f1=Q+ 64. Kxb6 Qfb1+ 65. Ka5 Qca2# 0-1

[Event "S60201 Summer Series"]
[Site "CCLA"]
[Date "2016.07.31"]
[Round "?"]
[White "Edwards, Ken"]
[Black "Traxler, Alex"]
[Result "1-0"]
[WhiteElo "2287"]
[BlackElo "1937"]
[Termination "abandoned"]

1. d4 d5 2. c4 e6 3. Nc3 Nf6 4. cxd5 exd5 5. Nf3 Nc6 6. Bg5 Bb4 7. Qb3 a5 
8. Bxf6 gxf6 9. a3 a4 10. Qc2 Bxc3+ 11. bxc3 Bd7 12. e3 Na5 13. Nd2 Qe7 
14. Be2 1-0

[Event "S60201 Summer Series"]
[Site "CCLA"]
[Date "2016.07.31"]
[Round "?"]
[White "Lehr, Mark"]
[Black "Traxler, Alex"]
[Result "1-0"]
[WhiteElo "2129"]
[BlackElo "2137"]
[Termination "abandoned"]

1. d4 d5 2. c4 e6 3. Nc3 Nf6 4. cxd5 exd5 5. Bg5 Bb4 6. e3 O-O 7. Bd3 c5 
8. Ne2 c4 9. Bb1 Be6 10. O-O Nbd7 11. f4 Nb6 12. Qc2 g6 13. f5 Bd7 14. a4 
1-0

[Event "S60109 Regular Quad"]
[Site "CCLA"]
[Date "2016.03.11"]
[Round "?"]
[White "Taylor, Bobby C."]
[Black "Evans, Andrew"]
[Result "1-0"]
[WhiteElo "1614"]
[BlackElo "1208"]

1. d4 d5 2. c4 e6 3. Nc3 Nf6 4. cxd5 exd5 5. Bg5 Be7 6. e3 O-O 7. Bd3 g6 
8. Qc2 Nc6 9. a3 Be6 10. Nf3 Qd6 11. Bf4 Qd7 12. O-O Bg4 13. Nd2 Nh5 14. 
Bh6 Rfe8 15. Rae1 Qd6 16. h3 Nf6 17. hxg4 Nxg4 18. Bf4 Qd7 19. Nf3 a6 20. 
Qb3 Na5 21. Qxd5 Qxd5 22. Nxd5 c6 23. Nc7 Nh2 24. Bxh2 1-0

[Event "S60109 Regular Quad"]
[Site "CCLA"]
[Date "2016.03.11"]
[Round "?"]
[White "Taylor, Bobby C."]
[Black "Rasmussen, Bruce A."]
[Result "1-0"]
[WhiteElo "1614"]
[BlackElo "1341"]

1. d4 d5 2. c4 e6 3. Nc3 Nf6 4. cxd5 exd5 5. Bg5 Be7 6. e3 O-O 7. Bd3 Nc6 
8. a3 Ng4 9. Bxe7 Qxe7 10. Nxd5 Qd6 11. Nf4 Re8 12. Nf3 Qxf4 13. O-O Nxe3 
14. Re1 Bd7 15. fxe3 Rxe3 16. Rxe3 Qxe3+ 17. Kf1 Nxd4 18. Nxd4 Qxd4 19. 
Bxh7+ Kxh7 20. Qxd4 Rd8 21. Qh4+ 1-0

[Event "S60159 Server NA Class C Ch"]
[Site "CCLA"]
[Date "2016.05.12"]
[Round "?"]
[White "Taylor, Bobby C."]
[Black "Hodgkins, Neil C."]
[Result "1/2-1/2"]
[WhiteElo "1575"]
[BlackElo "1433"]

1. d4 Nf6 2. c4 e6 3. Nc3 d5 4. cxd5 exd5 5. Bg5 Be7 6. e3 O-O 7. Bd3 Be6 
8. Nf3 Re8 9. Qc2 g6 10. O-O Nbd7 11. Rfd1 c5 12. e4 cxd4 13. Nxd4 dxe4 
14. Bxe4 Nxe4 15. Bxe7 Qxe7 16. Nxe4 Rac8 17. Nc3 Bd5 18. Qe2 Qxe2 19. 
Ndxe2 Bc6 20. Nd4 Ne5 21. Nxc6 Nxc6 22. Rd7 1/2-1/2

[Event "S60109 Regular Quad"]
[Site "CCLA"]
[Date "2016.03.11"]
[Round "?"]
[White "Taylor, Bobby C."]
[Black "Strelecky, Rich"]
[Result "1/2-1/2"]
[WhiteElo "1614"]
[BlackElo "1652"]

1. d4 d5 2. c4 e6 3. Nc3 Nf6 4. cxd5 exd5 5. Bg5 Be7 6. e3 c6 7. Bd3 Nbd7 
8. Nf3 O-O 9. Qc2 Re8 10. O-O Nf8 11. h3 Be6 12. Ne5 Qc7 13. f4 h6 14. Bh4
Nh5 15. Bxe7 Rxe7 16. Qf2 f6 17. Nf3 Nh7 18. Rae1 f5 19. Nh4 Qd7 20. Ng6 
Ree8 21. Ne5 Qc7 22. b4 N5f6 23. a3 Ne4 24. Nxe4 fxe4 25. Be2 Nf6 26. Rc1 
Bf5 27. b5 Bd7 28. bxc6 bxc6 29. Qe1 Reb8 30. Qc3 Rb6 31. Qc5 Be8 32. Rb1 
Rab8 33. Rbc1 Rb2 34. Rfe1 R8b6 35. Rc2 R2b3 36. Rc3 Rb2 37. Rc2 Rxc2 38. 
Qxc2 Qb7 39. Ra1 Rb2 40. Qd1 Qb3 41. Qxb3 Rxb3 42. Kf2 1/2-1/2

[Event "S60259 Regular Quad"]
[Site "CCLA"]
[Date "2016.08.07"]
[Round "?"]
[White "Strelecky, Rich"]
[Black "Williams, Rufus H."]
[Result "1-0"]
[WhiteElo "1652"]
[BlackElo "1375"]

1. d4 Nf6 2. c4 e6 3. Nf3 d5 4. Nc3 Nc6 5. cxd5 Nxd5 6. Bd2 Bd6 7. Nxd5 
exd5 8. e3 a6 9. Be2 b5 10. a4 bxa4 11. Qxa4 Bb7 12. Qb3 Qc8 13. Qxd5 O-O 
14. Qb3 Ne7 15. O-O c6 16. Bb4 Bxb4 17. Qxb4 Re8 18. Rfe1 Nd5 19. Qd2 Qd8 
20. Ra5 Qd6 21. Bd3 Qb4 22. Qxb4 Nxb4 23. Bc4 Bc8 24. Ng5 Nd5 25. Bxd5 
cxd5 26. Rxd5 Bb7 27. Rd7 Bc6 28. Rxf7 Bd5 29. Rd7 Bxg2 30. Kxg2 Rab8 31. 
Rb1 Rb6 32. h4 h6 33. Nh3 a5 34. d5 a4 35. Ra7 Rb4 36. Nf4 h5 37. Nxh5 Rf8
38. Rxg7+ Kh8 39. Rg5 Rg8 40. Rxg8+ Kxg8 41. d6 Kf7 42. Rd1 Rb8 43. e4 Rh8
44. f4 Rxh5 45. d7 Rh8 46. d8=Q Rxd8 47. Rxd8 1-0

[Event "S67099 Gustafson Memorial Open"]
[Site "CCLA"]
[Date "2016.11.20"]
[Round "?"]
[White "Hodgkins, Neil C."]
[Black "Buganza, Nathan J."]
[Result "1-0"]
[WhiteElo "1462"]
[BlackElo "1411"]

1. d4 d5 2. c4 e6 3. Nc3 Nf6 4. Nf3 Nc6 5. Bg5 Be7 6. e3 O-O 7. Be2 Ne4 8.
 Bxe7 Qxe7 9. Nxe4 Qb4+ 10. Qd2 Qxd2+ 11. Nexd2 1-0

[Event "S60031 Winter Series"]
[Site "CCLA"]
[Date "2016.01.28"]
[Round "?"]
[White "Hodgkins, Neil C."]
[Black "Ragan, Anthony"]
[Result "0-1"]
[WhiteElo "1462"]
[BlackElo "1822"]

1. d4 e6 2. c4 Nf6 3. Nf3 d5 4. Nc3 Be7 5. Bf4 O-O 6. e3 Nbd7 7. Be2 dxc4 
8. Bxc4 Nb6 9. Bd3 Nbd5 10. O-O Nxf4 11. exf4 b6 12. Re1 Bb7 13. a3 c5 14.
 Be4 Nxe4 15. Nxe4 cxd4 16. Qxd4 Qxd4 17. Nxd4 Rfd8 18. Rad1 Bxe4 19. Rxe4
Bc5 20. b4 f5 21. bxc5 fxe4 22. cxb6 axb6 23. Kf1 Ra4 24. Ke2 Raxd4 0-1

[Event "S60021 Winter Series"]
[Site "CCLA"]
[Date "2016.01.28"]
[Round "?"]
[White "Jarmuz, Frederick"]
[Black "Sereni, Vincent T."]
[Result "1/2-1/2"]
[WhiteElo "1965"]
[BlackElo "2107"]

1. d4 d5 2. Nf3 Nf6 3. c4 e6 4. Nc3 Be7 5. Bf4 O-O 6. e3 Nbd7 7. c5 Nh5 8.
 Bd3 b6 9. b4 a5 10. a3 Nxf4 11. exf4 c6 12. O-O Ba6 13. Bxa6 Rxa6 14. Qd3
b5 15. Rfb1 Qc7 16. Na2 Bf6 17. g3 Rfa8 18. Kg2 axb4 19. Nxb4 Ra4 20. Qc3 
h6 21. h3 Nf8 22. Qd3 Ng6 23. Ne5 Nxe5 24. fxe5 Be7 25. h4 Qd7 26. Rb3 Bd8
27. Qe3 Ba5 28. Nd3 Bd8 29. Nb4 R4a7 30. Qf3 Ba5 31. Nc2 Bc7 32. Nb4 Ra4 
33. Qe3 Ba5 1/2-1/2

[Event "S67099 Gustafson Memorial Open"]
[Site "CCLA"]
[Date "2016.11.20"]
[Round "?"]
[White "Hodgkins, Neil C."]
[Black "Acosta, Errol"]
[Result "0-1"]
[WhiteElo "1462"]
[BlackElo "1462"]

1. d4 e6 2. c4 d5 3. Nc3 Nf6 4. Bg5 Bb4 5. Nf3 O-O 6. e3 c5 7. a3 Ba5 8. 
Be2 h6 9. Bh4 cxd4 10. exd4 Nbd7 11. O-O dxc4 12. Bxc4 Qc7 13. Qe2 Nb6 14.
 Nb5 Qxc4 15. Qxc4 Nxc4 16. b4 Bd8 17. Rac1 Nb6 18. Ne5 Nbd5 19. Rfe1 Bd7 
20. Nxd7 Nxd7 21. Bxd8 Rfxd8 22. g3 N7f6 23. Rc4 a6 24. Nc3 Nxc3 25. Rxc3 
Nd5 26. Rcc1 Rac8 27. Rc5 Rxc5 28. dxc5 Nc3 29. Re3 Rd1+ 30. Kg2 Nd5 31. 
Re2 Nf6 32. f3 Kf8 33. g4 Nd5 34. Ra2 Nf4+ 35. Kg3 Nd3 36. h3 g5 37. Rc2 
Nf4 38. c6 bxc6 39. Rxc6 Rd2 0-1

[Event "S60241 Summer Series"]
[Site "CCLA"]
[Date "2016.07.31"]
[Round "?"]
[White "Ritzmann, Andrew M."]
[Black "Williams, Rufus H."]
[Result "1-0"]
[WhiteElo "1231"]
[BlackElo "1375"]

1. d4 Nf6 2. c4 e6 3. Nf3 d5 4. Nc3 dxc4 5. e4 Bb4 6. Bg5 O-O 7. Bxc4 a6 
8. a3 Be7 9. O-O Nc6 10. e5 Nh5 11. Ne4 Bxg5 12. Nfxg5 Qxd4 13. Qxh5 1-0

[Event "S60169 Server NA Class D Ch"]
[Site "CCLA"]
[Date "2016.05.12"]
[Round "?"]
[White "Henriques, Keith"]
[Black "Acebo, Brian"]
[Result "0-1"]
[WhiteElo "1250"]
[BlackElo "1376"]

1. d4 d5 2. c4 Nf6 3. Nf3 e6 4. e3 c5 5. Nc3 Be7 6. Qa4+ Nc6 7. Ne5 Bd7 8.
 Qc2 cxd4 9. Nxc6 Bxc6 10. exd4 O-O 11. Bd3 dxc4 12. Be4 Nxe4 13. Nxe4 
Qxd4 14. f3 Rfd8 15. Qf2 Qd1# 0-1

[Event "S60031 Winter Series"]
[Site "CCLA"]
[Date "2016.01.28"]
[Round "?"]
[White "Hodgkins, Neil C."]
[Black "Abbey, William"]
[Result "0-1"]
[WhiteElo "1462"]
[BlackElo "2062"]

1. d4 d5 2. c4 c6 3. Nf3 Nf6 4. Nc3 e6 5. Bg5 h6 6. Bh4 dxc4 7. e3 b5 8. 
Be2 Bb7 9. O-O Nbd7 10. Ne5 Nxe5 11. dxe5 Qxd1 12. Raxd1 Nd5 13. Ne4 a5 
14. a3 a4 15. Rfe1 c3 16. Nd6+ Bxd6 17. exd6 cxb2 18. Rb1 b4 19. Rxb2 b3 
20. Rc1 Ba6 21. Bf3 Kd7 22. Bg3 Rhc8 23. e4 Nb6 24. Be2 Bxe2 25. Rxe2 c5 
26. Rd2 c4 27. f4 c3 28. Rd3 c2 29. f5 b2 30. fxe6+ fxe6 0-1

[Event "S60099 Regular Quad"]
[Site "CCLA"]
[Date "2016.02.14"]
[Round "?"]
[White "Blankenship, Jerry T."]
[Black "Bearce, Harold L."]
[Result "1-0"]
[WhiteElo "1675"]
[BlackElo "1032"]

1. d4 d5 2. c4 c6 3. Nc3 Nf6 4. Bg5 h6 5. Bh4 e6 6. Nf3 Be7 7. Ne5 O-O 8. 
e3 Nbd7 9. Bg3 Nxe5 10. Bxe5 Nd7 11. Bg3 Nb6 12. b3 g5 13. Bd3 Bd6 14. 
Bxd6 Qxd6 15. c5 1-0

[Event "S60159 Server NA Class C Ch"]
[Site "CCLA"]
[Date "2016.05.12"]
[Round "?"]
[White "Taylor, Bobby C."]
[Black "Nurmi, Ronald"]
[Result "1/2-1/2"]
[WhiteElo "1575"]
[BlackElo "1480"]

1. d4 d5 2. c4 c6 3. Nc3 Nf6 4. e3 e6 5. Nf3 Nbd7 6. b3 Bb4 7. Bd2 O-O 8. 
Be2 Qe7 9. O-O b6 10. Ne5 Bb7 11. Qc2 Nxe5 12. dxe5 Nd7 13. f4 Nc5 14. 
Nxd5 cxd5 15. Bxb4 Qc7 16. Bxc5 Qxc5 17. Qc3 dxc4 18. bxc4 Rfd8 19. Rfd1 
Bd5 20. Qd4 Qxd4 21. exd4 Be4 22. Bf3 Bxf3 23. gxf3 Rac8 24. Rac1 g6 25. 
Kf2 Kg7 26. Ke3 1/2-1/2

[Event "S60071 Winter Series"]
[Site "CCLA"]
[Date "2016.01.28"]
[Round "?"]
[White "Ritzmann, Andrew M."]
[Black "Rietema, Alexander"]
[Result "0-1"]
[WhiteElo "1231"]
[BlackElo "1318"]

1. d4 d5 2. c4 c6 3. Nf3 Nf6 4. e3 e6 5. Nc3 Bb4 6. Bd3 O-O 7. O-O Nbd7 8.
 Qc2 h6 9. a3 Ba5 10. Bd2 Re8 11. Rad1 Bxc3 12. Bxc3 b6 13. b3 Ba6 14. a4 
dxc4 15. bxc4 c5 16. Ne5 cxd4 17. exd4 Rc8 18. Nxd7 Nxd7 19. Bh7+ Kh8 20. 
Bd3 Bxc4 21. Rfe1 Bxd3 22. Rxd3 Nf6 23. h3 Nd5 24. Re5 Nb4 25. Qd2 Nxd3 
26. Qxd3 Qd7 27. a5 bxa5 28. Bxa5 Rc1+ 29. Kh2 Rec8 30. Bd2 R1c2 31. Ra5 
Qd6+ 32. g3 Qc7 33. Kg2 Qb7+ 34. f3 Qc7 35. h4 Qxa5 0-1

[Event "S60071 Winter Series"]
[Site "CCLA"]
[Date "2016.01.28"]
[Round "?"]
[White "Ritzmann, Andrew M."]
[Black "Bearce, Harold L."]
[Result "1-0"]
[WhiteElo "1231"]
[BlackElo "1032"]

1. d4 d5 2. c4 c6 3. Nf3 Nf6 4. Nc3 e6 5. e3 Be7 6. Bd3 O-O 7. O-O Nbd7 8.
 b3 Nb6 9. Bb2 Bd7 10. Ne5 Rc8 11. Qc2 Qc7 12. f4 dxc4 13. bxc4 Ra8 14. 
Rf3 g6 15. Qf2 Ne8 16. a4 a5 17. Ba3 Nf6 18. Bxe7 1-0

[Event "S60139 Server NA Class A Ch"]
[Site "CCLA"]
[Date "2016.05.12"]
[Round "?"]
[White "Zaas, Joel"]
[Black "Vecchio, Ralph"]
[Result "1-0"]
[WhiteElo "1924"]
[BlackElo "1839"]

1. d4 d5 2. c4 e6 3. Nc3 Nf6 4. Bg5 c5 5. cxd5 Qb6 6. Bxf6 Qxb2 7. Rc1 
gxf6 8. e3 cxd4 9. exd4 Bb4 10. Bb5+ Bd7 11. Bxd7+ Nxd7 12. Ne2 Qxa2 13. 
O-O Qa5 14. dxe6 fxe6 15. d5 e5 16. Ne4 Rd8 17. d6 O-O 18. Rc7 Qa2 19. 
Rxb7 a5 20. N2g3 Qe6 21. Qh5 f5 22. Qxh7+ Kxh7 23. Ng5+ Kg6 24. Nxe6 Nc5 
25. Nxf8+ Rxf8 26. Rb5 Rf7 27. f4 e4 28. h4 Rf8 29. Rc1 Rf6 30. h5+ Kh6 
31. Rbxc5 1-0

[Event "S60159 Server NA Class C Ch"]
[Site "CCLA"]
[Date "2016.05.12"]
[Round "?"]
[White "Moujan, Pablo"]
[Black "Hodgkins, Neil C."]
[Result "1/2-1/2"]
[WhiteElo "1536"]
[BlackElo "1433"]

1. d4 Nf6 2. c4 e6 3. Nf3 d5 4. Bg5 Be7 5. Nc3 c5 6. e3 cxd4 7. Nxd4 Nc6 
8. cxd5 exd5 9. Bb5 Bd7 10. O-O Qc7 11. Re1 a6 12. Bxf6 Bxf6 13. Nxd5 Qd6 
14. Nxf6+ Qxf6 15. Ba4 b5 16. Bb3 Rd8 17. Qe2 O-O 18. Rad1 Nxd4 19. exd4 
Rfe8 20. Qd3 Bf5 21. Qc3 g6 22. f3 Rxe1+ 23. Rxe1 Rxd4 24. h3 Rd6 25. Qxf6
Rxf6 26. Re8+ Kg7 27. Re7 1/2-1/2

[Event "S60211 Summer Series"]
[Site "CCLA"]
[Date "2016.07.31"]
[Round "?"]
[White "Zaas, Joel"]
[Black "Jarmuz, Frederick"]
[Result "1-0"]
[WhiteElo "2076"]
[BlackElo "1965"]

1. d4 d5 2. c4 e6 3. Nc3 Nf6 4. Bg5 Nbd7 5. Nf3 h6 6. Bh4 Be7 7. e3 O-O 8.
 Rc1 c6 9. Bd3 dxc4 10. Bxc4 b5 11. Bd3 Bb7 12. O-O a6 13. a4 b4 14. Ne4 
Nxe4 15. Bxe7 Nxf2 16. Bh7+ Kh8 17. Bxd8 Nxd1 18. Rfxd1 Rfxd8 19. Be4 Nf6 
20. Bxc6 Bxc6 21. Rxc6 Ng4 22. Re1 Rdc8 23. Rc5 Rxc5 24. dxc5 Kg8 25. h3 
Nf6 26. Kf1 Rc8 27. Rc1 Kf8 28. Ke2 Ke7 29. Rc4 a5 30. b3 Nd5 31. Kd3 Rd8 
32. Rd4 Rc8 33. Kc4 Nxe3+ 34. Kb5 Nd5 35. Ne5 Nc3+ 36. Kxa5 Rxc5+ 37. Kxb4
Rc7 38. Nc4 Nd5+ 39. Ka3 Rb7 40. Rd2 f6 41. a5 f5 42. Rb2 Rc7 43. Ka4 Kd8 
44. Rc2 Rb7 45. Ne5 Rb5 46. Kxb5 1-0

[Event "S60159 Server NA Class C Ch"]
[Site "CCLA"]
[Date "2016.05.12"]
[Round "?"]
[White "Sanchez, David A."]
[Black "McLaughlin, Ed"]
[Result "1-0"]
[WhiteElo "1453"]
[BlackElo "1537"]

1. d4 Nf6 2. c4 g6 3. g3 d5 4. Bg2 c6 5. cxd5 Nxd5 6. e4 Nf6 7. Nc3 Bg7 8.
 Nge2 O-O 9. O-O Na6 10. f4 Bg4 11. h3 Be6 12. f5 Bd7 13. fxg6 hxg6 14. 
Nf4 Nc7 15. e5 Nh7 16. Qb3 Qc8 17. Nxg6 Be6 18. Nxe7+ Kh8 19. Nxc8 Bxb3 
20. axb3 Raxc8 21. Rxa7 Ne6 22. Be3 Nd8 23. Be4 Rc7 24. Rf5 1-0

[Event "S60021 Winter Series"]
[Site "CCLA"]
[Date "2016.01.28"]
[Round "?"]
[White "O'Keefe, Michael J."]
[Black "Buss, Michael D."]
[Result "1/2-1/2"]
[WhiteElo "2074"]
[BlackElo "2363"]

1. Nf3 Nf6 2. c4 g6 3. g3 Bg7 4. Bg2 O-O 5. O-O c6 6. d4 d5 7. cxd5 cxd5 
8. Nc3 Nc6 9. Ne5 Bf5 10. Be3 h5 11. Rc1 Rc8 12. Qd2 Ne4 13. Nxe4 Nxe5 14.
 Rxc8 Qxc8 15. Nd6 exd6 16. dxe5 dxe5 17. Rc1 Qb8 18. Qxd5 b6 19. h4 Be6 
20. Qb5 Rd8 21. Bg5 Rd4 22. a3 Qd6 23. Qe8+ Kh7 24. Kh2 e4 25. Be3 Rd1 26.
 Rxd1 Qxd1 27. Qa8 Qd7 28. Qxe4 Bxb2 29. a4 Bc3 30. Qc2 Qc8 31. Bb7 Qc4 
32. Ba6 Qb3 33. Qxb3 Bxb3 34. Bb5 Kg7 35. f3 Kf8 36. Kg2 Ke7 37. Kf2 Kd6 
38. Bg5 Be6 39. e4 Be5 40. Bh6 Kc5 41. Bf8+ Kd4 42. f4 Bf6 43. e5 Bd8 44. 
Bg7 Be7 45. f5 Bxf5 46. Be8 Bc5 47. Kg2 Ke4 48. Bxf7 a6 49. Bc4 Bc8 50. 
Be2 1/2-1/2

[Event "S60061 Winter Series"]
[Site "CCLA"]
[Date "2016.01.28"]
[Round "?"]
[White "Sanchez, David A."]
[Black "McLaughlin, Ed"]
[Result "0-1"]
[WhiteElo "1426"]
[BlackElo "1633"]

1. d4 Nf6 2. c4 g6 3. Nc3 d5 4. Bf4 c6 5. e3 Bg7 6. Be2 Be6 7. Nf3 dxc4 8.
 Ne5 b5 9. Bf3 Nd5 10. Bg3 Qa5 11. Qd2 O-O 12. Nxc6 Nxc6 13. Nxd5 Qxd2+ 
14. Kxd2 Rad8 15. Nc7 Nxd4 16. exd4 Rxd4+ 17. Ke2 Bd7 18. Rad1 Rd8 19. 
Rxd4 Bxd4 20. Rd1 Bxb2 21. Nxb5 c3 22. Nxc3 Bxc3 23. Bc7 Bb5+ 0-1

[Event "S60329 Regular Quad"]
[Site "CCLA"]
[Date "2017.01.07"]
[Round "?"]
[White "Lavery, Thomas"]
[Black "Williams, Rufus H."]
[Result "1-0"]
[WhiteElo "1531"]
[BlackElo "1375"]

1. d4 Nf6 2. c4 g6 3. Nc3 d5 4. cxd5 Bg7 5. e4 O-O 6. Nf3 e6 7. dxe6 Bxe6 
8. Be2 a6 9. O-O Nc6 10. Bg5 b5 11. e5 h6 12. Bxf6 Bxf6 13. exf6 Bf5 14. 
d5 Na5 15. Qd4 Re8 16. Rfe1 Nc4 17. Bxc4 bxc4 18. Qxc4 Rxe1+ 19. Rxe1 Qxf6
20. Qxc7 Bd3 21. Qc6 Qd8 22. Rd1 Bf5 23. d6 Kg7 24. d7 Ra7 25. Qc8 Qxc8 
26. dxc8=Q Bxc8 27. h3 Be6 28. a3 Ra8 29. Ne4 a5 30. Nd4 Ba2 31. Nf3 Rb8 
32. Rd2 a4 33. Nc5 Bb3 34. Nxb3 axb3 35. g3 Rc8 36. Kg2 Rc2 37. Rd1 Rxb2 
38. Nd4 Ra2 39. Nxb3 Rxa3 40. Nd4 Ra6 41. Nf3 Ra5 42. Rd6 Rb5 43. h4 Ra5 
44. Ne1 Ra1 45. Nc2 Ra2 46. Nb4 Ra4 47. Nd3 Ra5 48. Nb2 Rb5 49. Nd3 Ra5 
50. Rd7 Rb5 51. Nf4 Rb6 52. g4 Ra6 53. Kg3 g5 54. hxg5 hxg5 55. Nh3 Kg6 
56. Rd5 f6 57. f3 Rb6 58. Rd3 Ra6 59. f4 gxf4+ 60. Nxf4+ Kh6 61. Nh3 Kg6 
62. Nf4+ Kh6 63. Re3 Kg5 64. Rf3 Kh6 65. Kh4 Rd6 66. Nh3 Kg6 67. Rf5 Rd1 
68. Rh5 Rh1 69. Rf5 Rh2 70. Kg3 Rd2 71. Nf4+ Kf7 72. Kh4 Rh2+ 73. Nh3 Kg6 
74. Kg3 Rd2 75. Nf4+ Kg7 76. Nh5+ Kf7 77. Rxf6+ Ke7 78. g5 Rd6 79. Rxd6 
Kxd6 80. g6 Ke6 81. g7 Kf7 82. Kf4 Kg8 83. Ke5 Kf7 84. Kd6 Kg8 85. Ke7 Kh7
86. Kf8 Kg6 87. g8=Q+ Kxh5 88. Kf7 Kh4 89. Kf6 Kh3 90. Kf5 1-0

[Event "S60211 Summer Series"]
[Site "CCLA"]
[Date "2016.07.31"]
[Round "?"]
[White "Zaas, Joel"]
[Black "Kappel, Ray D."]
[Result "1-0"]
[WhiteElo "2076"]
[BlackElo "1657"]

1. d4 Nf6 2. c4 g6 3. Nc3 d5 4. cxd5 Nxd5 5. Bd2 Nxc3 6. Bxc3 Bg7 7. e4 
O-O 8. Nf3 Bg4 9. Be2 c5 10. d5 Bxc3+ 11. bxc3 Bxf3 12. Bxf3 Qd6 13. c4 e6
14. O-O exd5 15. Rb1 b6 16. e5 Qxe5 17. Bxd5 1-0

[Event "S60159 Server NA Class C Ch"]
[Site "CCLA"]
[Date "2016.05.12"]
[Round "?"]
[White "Taylor, Bobby C."]
[Black "McLaughlin, Ed"]
[Result "1/2-1/2"]
[WhiteElo "1575"]
[BlackElo "1537"]

1. d4 Nf6 2. c4 g6 3. Nc3 d5 4. cxd5 Nxd5 5. e4 Nxc3 6. bxc3 Bg7 7. Bg5 c5
8. Rc1 Nc6 9. d5 Ne5 10. Nf3 Qa5 11. Qd2 Nxf3+ 12. gxf3 f5 13. c4 Qa3 14. 
Be2 h6 15. Be3 b6 16. Qc2 O-O 17. Qb3 Qxb3 18. axb3 a5 19. O-O f4 20. Bd2 
Bd7 21. Bc3 a4 22. Bxg7 Kxg7 23. bxa4 Rxa4 24. Ra1 Rfa8 25. Rxa4 Rxa4 26. 
Rb1 Ra6 27. e5 Bf5 28. Rc1 Ra2 29. Kf1 Rc2 30. Rxc2 Bxc2 31. Ke1 g5 32. 
Kd2 Bf5 33. Bd3 Bd7 1/2-1/2

[Event "S60051 Winter Series"]
[Site "CCLA"]
[Date "2016.01.28"]
[Round "?"]
[White "Greco, Tom"]
[Black "Smiley, William R."]
[Result "1-0"]
[WhiteElo "1668"]
[BlackElo "1563"]

1. d4 Nf6 2. c4 g6 3. Nc3 d5 4. cxd5 Nxd5 5. e4 Nb6 6. Be3 e6 7. Nf3 Bg7 
8. Be2 Nc6 9. Qd2 O-O 10. O-O Ne7 11. Bh6 c6 12. Bxg7 Kxg7 13. Rad1 Nd7 
14. Qf4 Nf6 15. Qh4 Rh8 16. Rd3 h6 17. Ne5 b6 18. Rfd1 Bb7 19. Ng4 Nxg4 
20. Bxg4 Qc7 21. Rf3 Raf8 22. Qf6+ Kh7 23. Rh3 Ng8 24. Qe5 Qc8 25. d5 f5 
26. dxe6 Nf6 27. Bxf5 1-0

[Event "S60329 Regular Quad"]
[Site "CCLA"]
[Date "2017.01.07"]
[Round "?"]
[White "Alvarez, Adrian Astur"]
[Black "Williams, Rufus H."]
[Result "1-0"]
[WhiteElo "1460"]
[BlackElo "1375"]

1. d4 Nf6 2. c4 g6 3. Nc3 d5 4. cxd5 Nxd5 5. e4 Nxc3 6. bxc3 c5 7. Bc4 e6 
8. Ne2 Bg7 9. Be3 O-O 10. O-O cxd4 11. cxd4 b6 12. Qd2 Bb7 13. Ng3 Ba6 14.
 Rac1 Bxc4 15. Rxc4 e5 16. d5 Na6 17. Bh6 Bxh6 18. Qxh6 Nc5 19. Nf5 gxf5 
20. exf5 f6 21. Rg4+ Kf7 22. Rg7+ Ke8 23. Qh5+ 1-0

[Event "S60211 Summer Series"]
[Site "CCLA"]
[Date "2016.07.31"]
[Round "?"]
[White "Jarmuz, Frederick"]
[Black "Kappel, Ray D."]
[Result "1-0"]
[WhiteElo "1965"]
[BlackElo "1657"]

1. d4 Nf6 2. c4 g6 3. Nc3 d5 4. Nf3 Bg7 5. cxd5 Nxd5 6. e4 Nxc3 7. bxc3 
O-O 8. Bd3 c5 9. O-O Nd7 10. Rb1 cxd4 11. cxd4 b6 12. Be3 Bb7 13. Rc1 Rc8 
14. Rxc8 Qxc8 15. Qa4 Rd8 16. Qxa7 Qa8 17. Qxa8 Rxa8 18. Bb1 e6 19. Rc1 
Rc8 20. Rxc8+ Bxc8 21. Bd3 Kf8 22. Nd2 Ke7 23. Bb5 Bb7 24. a4 f5 25. e5 
Bd5 26. Bg5+ Ke8 27. Nc4 h6 28. Nd6+ Kf8 29. Be3 Ke7 30. h4 Bf8 31. Kf1 
Bg7 32. f3 Kd8 33. Ke2 1-0

[Event "S60201 Summer Series"]
[Site "CCLA"]
[Date "2016.07.31"]
[Round "?"]
[White "Lehr, Mark"]
[Black "Clancey, James"]
[Result "1-0"]
[WhiteElo "2129"]
[BlackElo "2039"]

1. d4 Nf6 2. c4 g6 3. Nf3 Bg7 4. Nc3 d5 5. cxd5 Nxd5 6. e4 Nxc3 7. bxc3 c5
8. Rb1 O-O 9. Be2 cxd4 10. cxd4 Qa5+ 11. Qd2 Qxd2+ 12. Bxd2 b6 13. O-O Bb7
14. d5 Rc8 15. Rfc1 Nd7 16. Be3 Nf6 17. Nd2 Rxc1+ 18. Rxc1 Rc8 19. Rxc8+ 
Bxc8 20. f3 Ne8 21. Bf4 e6 22. dxe6 Bd4+ 23. Kf1 Bxe6 24. Bc4 Ng7 25. Bb8 
Bxc4+ 26. Nxc4 a6 27. Ba7 Ne8 28. Bxb6 Bxb6 29. Nxb6 Kf8 30. Nd5 f5 31. 
exf5 gxf5 32. Ke2 Kf7 33. Kd3 1-0